Normal view MARC view

Entry Personal Name

Number of records used in: 1

001 - CONTROL NUMBER

  • control field: 18558

003 - CONTROL NUMBER IDENTIFIER

  • control field: OSt

005 - DATE AND TIME OF LATEST TRANSACTION

  • control field: 20201012161100.0

008 - FIXED-LENGTH DATA ELEMENTS

  • fixed length control field: 201012|| aca||aabn | a|a d

040 ## - CATALOGING SOURCE

  • Original cataloging agency: OSt
  • Transcribing agency: OSt

100 ## - HEADING--PERSONAL NAME

  • Personal name: Kuka, Elira, Na'ama, Shenhav and Kevin, Shih

670 ## - SOURCE DATA FOUND

  • Source citation: Work cat.: (OSt): Kuka, Elira, Na'ama, Shenhav and Kevin, Shih, Do human capital decisions respond to the returns to education: evidence from DACA

Powered by Koha